000 00713nam a2200169 a 4500
001 000045437
005 20201002052241.0
008 150324s2012 dr 000 0 spa d
020 _a2789945481082
040 _aDO-SdBNP
_bspa
_cBNPHU
100 1 _aRomero Martínez, Vinicio
_922713
245 1 0 _aBiografía de Bolívar. /
_cVinicio Romero Martínez.
260 _aSanto Domingo :
_bMovimiento social Duartiano-Bolivariano,
_c2012.
_fCentenario
300 _a130 p. ;
_c23 cm.
505 0 _tBiografía de Bolívar
_tBolívar y el sueño de la integración
_t¿Existe una dotrina Bolivariana?
_tConstitución Bolívariana y revolución
_tPensamientos Bolívarianos
500 _aLa biblioteca posee la publicación No. 3
999 _c44926
_d44926